Normal view
MARC view
- Weiner, Sharon Green
Entry Personal Name
001 - CONTROL NUMBER
- control field: 22977
003 - CONTROL NUMBER IDENTIFIER
- control field: NUST
005 - DATE AND TIME OF LATEST TRANSACTION
- control field: 20191007185132.0
008 - FIXED-LENGTH DATA ELEMENTS
- fixed length control field: 191007|| aca||aabn | a|a d
040 ## - CATALOGING SOURCE
- Original cataloging agency: NUST
- Transcribing agency: NUST
100 ## - HEADING--PERSONAL NAME
- Personal name: Weiner, Sharon Green
670 ## - SOURCE DATA FOUND
- Source citation: Work cat.: (NUST)490350: Weiner, Sharon Green, Barron's GRE: The leader in Test Preparation, 2013
